Munkahelyi kapcsolatok, konfliktusok kezelése, a vezető szerepe
| Szerző: | |
|---|---|
| További közreműködők: | |
| Dokumentumtípus: | Projektmunka |
| Kulcsszavak: | konfliktusok motiváció munkahelyi viszonyok problémamegoldás vállalati vezetők |
| Online Access: | http://dolgozattar.uni-bge.hu/60167 |
MARC
| LEADER | 00000nnm a2200000 i 4500 | ||
|---|---|---|---|
| 001 | dolg60167 | ||
| 005 | 20260409150057.0 | ||
| 008 | 260409suuuu hu o 000 hun d | ||
| 040 | |a BGE Dolgozattár Repozitórium |b hun | ||
| 041 | |a hu | ||
| 100 | 1 | |a Szabó Márk | |
| 245 | 1 | 0 | |a Munkahelyi kapcsolatok, konfliktusok kezelése, a vezető szerepe |c Szabó Márk |h [elektronikus dokumentum] |
| 516 | |a Project_work | ||
| 520 | 3 | |a Életünk jelentős részét a munkával töltjük, és ennek megfelelően a munkahelyi környezet nagy hatással van a közérzetünkre, teljesítményünkre és társas kapcsolatainkra is. Különösen olyan munkakörnyezetben, ahol a folyamatos határidők, a szoros együttműködés és a gyakran jelentkező időnyomás jellemző, ezek a tényezők könnyen okozhatnak konfliktushelyzeteket. Tapasztalataim alapján úgy gondolom, hogy a hatékony kommunikáció, az empatikus hozzáállás és az együttműködés alapvető feltételei annak, hogy egy munkahelyi közösség sikeresen működjön. A projektmunka célja az volt, hogy megvizsgáljam, hogyan kezelik az emberek a munkahelyi konfliktusokat, és milyen szerepet játszik ebben a vezető. Különösen érdekelt, hogy egy-egy feszültség vagy nézeteltérés milyen hatással van a dolgozók döntéseire – például arra, hogy valaki elhagyja-e a munkahelyét –, és milyen viselkedésminták figyelhetők meg ezekben a helyzetekben. Fontos szempont volt az is, hogy a vezető miként tudja támogatni a munkavállalókat a konfliktuskezelés során, és hogyan járul hozzá a pozitív munkahelyi légkör kialakításához. A kutatási folyamat során megfigyeléseket végeztem a saját munkakörnyezetemben, valamint informális beszélgetéseket folytattam kollégákkal, hogy jobban megértsem, miként reagálnak a különböző helyzetekre. Arra jutottam, hogy a konfliktusok gyakran nem is a feladatokból, hanem a félreértésekből, kommunikációs problémákból és a nem megfelelő visszajelzésekből fakadnak. A vezető szerepe ilyenkor kulcsfontosságú: ha képes empatikusan, mégis határozottan fellépni, képes lehet elsimítani a feszültségeket és segíteni a felek közötti megértést. A projektmunka során megerősödött bennem, hogy a jó vezetői hozzáállás és a munkatársak közötti harmonikus kapcsolat döntően befolyásolja a munkahelyi hangulatot és a dolgozók elkötelezettségét. A jövőben szeretnék olyan munkaközösség tagja, illetve vezető lenni, aki képes felismerni és hatékonyan kezelni a konfliktusokat, és aki elősegíti a támogató, együttműködő munkahelyi légkör kialakulását. | |
| 695 | |a konfliktusok | ||
| 695 | |a motiváció | ||
| 695 | |a munkahelyi viszonyok | ||
| 695 | |a problémamegoldás | ||
| 695 | |a vállalati vezetők | ||
| 700 | 1 | |a Dobó Dr. Róbert |e ths | |
| 856 | 4 | 0 | |u http://dolgozattar.uni-bge.hu/60167/1/Projektmunka%202025%20Moodle%20felt%C3%B6lt%C3%A9s%20v%C3%A9gleges%20bek%C3%BCld%C3%A9se.pdf |z Dokumentum-elérés |
| 856 | 4 | 0 | |u http://dolgozattar.uni-bge.hu/60167/2/KM%20FOSZK%20b%C3%ADr%C3%A1lati%20lap%20Szab%C3%B3%20M%C3%A1rk%20DR.pdf |z Dokumentum-elérés |